000
00177nam a2200085 4500
001
1258308
005
20260306104022.0
245
_a
OYUNBOZAN
_c
SUE LİMB
260
_b
ALTIN KİTAPLAR
999
_c
1258308
_d
1258308